000 00985nam a22003377a 4500
001 BR9507109
003 BR-BrBNA
005 20230928094707.0
007 ta
008 230509b bl.||||| |||| 00| 0 por d
040 _aBR-BrBNA
_bpor
_cBiblioteca Nacional de Agricultura
041 _a(Por)
072 _aP01
090 _ P01 BR9507109
100 1 _aSampaio, E.V.S.B.
100 1 _aSouto, A.
100 1 _aRodal, M.J.N.
100 1 _aCastro, A.A.J.F.
100 1 _aHazin, C.
110 1 _aFundacao Grupo Esquel, Fortaleza, CE (Brasil)
_94907
111 1 _aConferencia Nacional e Seminario Latino-Americano da Desertificacao
_cFortaleza, CE (Brazil)
_d7-11 Mar 1994
245 1 _aCaatingas e cerrados do NE - biodiversidade e acao antropica
260 3 _aFortaleza, CE (Brasil):
_c1994.
300 _a15 p.
500 _a54 ref.
650 _aCerrado
650 _aCaatinga
650 _aBiodiversidade
909 _a202309
_bLucia
_c55
_dLucia Elande
942 _cBK
999 _c52119
_d52119